000
00295nam a2200109Ia 4500
008
180219s9999 xx 000 0 und d
020
_a
9715843905
100
_a
Carl, Andreas
245
_a
NCLEX-RN made ridiculously simple /
260
_a
Miami :
_b
Medmaster Inc
_c
2000
300
_a
iii, 379 pages
999
_c
355964
_d
355964